[Event "Cape Town Masters"]
[Site "Cape Town"]
[Date "2025.01.08"]
[Round "5"]
[White "Braaf, Jiraan"]
[Black "Nevin, Tyler"]
[Result "0-1"]
[WhiteElo "1841"]
[BlackElo "1874"]
[PlyCount "120"]
[EventDate "2025.01.06"]
[EventType "swiss"]
[EventRounds "9"]
[EventCountry "RSA"]
[SourceTitle "CB03_2025"]
[SourceDate "2025.01.15"]
[SourceVersion "1"]
[SourceVersionDate "2025.01.15"]
[SourceQuality "1"]

1. e4 c5 2. Nf3 d6 3. d4 cxd4 4. Nxd4 Nf6 5. Nc3 Nc6 6. Bc4 Qb6 7. Nxc6 bxc6 8. Bb3 g6 9. Be3 Qc7 10. f3 Bg7 11. Qd2 h5 12. 0-0-0 Rb8 13. h3 h4 14. f4 Be6 15. Rhf1 Qa5 16. e5 dxe5 17. fxe5 Nd5 18. Nxd5 Qxd2+ 19. Rxd2 cxd5 20. Bf4 Rh5 21. Bxd5 Bxd5 22. Rxd5 Rf5 23. Rf3 Rxf4 24. Rxf4 Bh6 25. Rdd4 Rd8 26. Rde4 Rd5 27. c4 Rxe5 28. Kc2 Bxf4 29. Rxf4 Re2+ 30. Kc3 g5 31. Rg4 f6 32. c5 Kd7 33. Ra4 Kc6 34. b4 Kb7 35. b5 Rxg2 36. Rd4 Kc8 37. Kb4 Rxa2 38. c6 f5 39. Rd7 g4 40. Rxe7 g3 41. Rg7 f4 42. Rg8+ Kc7 43. Rg7+ Kd6 44. Rg6+ Ke7 45. Rg7+ Kf6 46. Rg4 Kf5 47. Rxh4 Rc2 48. Kb3 Rc1 49. Rg4 Ke5 50. Rg5+ Ke6 51. Rg7 f3 52. Rg6+ Ke7 53. Rg7+ Kd6 54. Rg6+ Kc7 55. Rg7+ Kb6 56. Rb7+ Ka5 57. Rxa7+ Kxb5 58. Rf7 g2 59. Rf5+ Kb6 60. c7 g1Q 0-1

[Event "Cape Town Masters"]
[Site "Cape Town"]
[Date "2025.01.06"]
[Round "1"]
[White "Mhango, Banele"]
[Black "Braaf, Jiraan"]
[Result "1-0"]
[WhiteElo "2247"]
[BlackElo "1841"]
[PlyCount "133"]
[EventDate "2025.01.06"]
[EventType "swiss"]
[EventRounds "9"]
[EventCountry "RSA"]
[SourceTitle "CB03_2025"]
[SourceDate "2025.01.15"]
[SourceVersion "1"]
[SourceVersionDate "2025.01.15"]
[SourceQuality "1"]

1. c4 Nf6 2. Nc3 g6 3. g3 Bg7 4. Bg2 0-0 5. e4 d6 6. Nge2 e5 7. d3 c5 8. Rb1 Nc6 9. a3 Nd4 10. 0-0 Bg4 11. f3 Be6 12. b4 b6 13. h3 Nh5 14. Kh2 Rc8 15. bxc5 dxc5 16. a4 Nc6 17. f4 exf4 18. gxf4 Qh4 19. Qe1 Qxe1 20. Rxe1 Nb4 21. Rd1 Rfd8 22. Nd5 Bxd5 23. cxd5 a5 24. Bf3 c4 25. dxc4 Rxc4 26. Be3 Rb8 27. Rdc1 Rxc1 28. Rxc1 Nf6 29. d6 Nd7 30. Rc7 Rd8 31. Nc3 g5 32. Nb5 gxf4 33. Bxf4 Be5 34. Bxe5 Nxe5 35. Be2 Na6 36. Re7 Nc6 37. Rc7 Nxc7 38. dxc7 Rf8 39. Nd6 Ne7 40. Ba6 Ra8 41. Bc4 Rf8 42. Kg3 Nc8 43. e5 Kg7 44. Ba6 Ne7 45. c8Q Nxc8 46. Bxc8 Rd8 47. Nf5+ Kf8 48. Ba6 Rd1 49. Kf4 Rh1 50. h4 Rg1 51. h5 Rh1 52. Kg5 Rg1+ 53. Kf6 Rg4 54. Bb5 Rf4 55. Bc6 Rc4 56. Bd5 Rf4 57. Bxf7 Rxf5+ 58. Kxf5 Kxf7 59. e6+ Ke7 60. h6 b5 61. axb5 a4 62. b6 a3 63. b7 a2 64. b8Q a1Q 65. Qc7+ Ke8 66. Qd7+ Kf8 67. Qf7# 1-0

[Event "Kimberley Extravaganza op"]
[Site "Kimberley"]
[Date "2024.09.28"]
[Round "8"]
[White "Braaf, Jiraan"]
[Black "Mbedza, Richard"]
[Result "1/2-1/2"]
[WhiteElo "1909"]
[BlackElo "1907"]
[PlyCount "115"]
[EventDate "2024.09.25"]
[EventType "swiss"]
[EventRounds "9"]
[EventCountry "RSA"]
[SourceTitle "EXT 2025"]
[Source "ChessBase"]
[SourceDate "2024.10.14"]
[SourceVersion "1"]
[SourceVersionDate "2024.10.14"]
[SourceQuality "1"]

1. e4 e6 2. d4 d5 3. exd5 exd5 4. Nf3 Nf6 5. c3 Be7 6. Bd3 0-0 7. 0-0 Bg4 8. Nbd2 Nbd7 9. Qb3 Qc8 10. Ne5 Be6 11. Nxd7 Bxd7 12. Nf3 c6 13. Bg5 Qc7 14. Bh4 Bg4 15. Ne5 Be6 16. Qc2 h6 17. Rfe1 Rfe8 18. Bf5 Bd8 19. Bg3 Qb6 20. Bxe6 Rxe6 21. Nd3 Rxe1+ 22. Rxe1 Bc7 23. Bh4 g5 24. Bg3 Bxg3 25. fxg3 Ne4 26. Nf2 Nxf2 27. Qxf2 Qd8 28. Qf5 Qd6 29. Re5 Rf8 30. h4 gxh4 31. gxh4 Kg7 32. h5 Rg8 33. Re3 Rd8 34. b4 b6 35. Kf2 Rf8 36. Ke2 a5 37. a3 Ra8 38. Kf2 axb4 39. cxb4 c5 40. bxc5 bxc5 41. dxc5 Qxc5 42. Qe5+ Kg8 43. Kf1 Qc1+ 44. Ke2 Qc4+ 45. Kf2 Qc5 46. Kf1 Qc1+ 47. Ke2 Qc4+ 48. Ke1 Qc1+ 49. Kf2 Qc5 50. Kf1 Qc1+ 51. Re1 Qc4+ 52. Kg1 Rxa3 53. Qe8+ Kg7 54. Qe5+ Kg8 55. Qe8+ Kg7 56. Qe5+ Kg8 57. Qe8+ Kg7 58. Qe5+ 1/2-1/2